[Event "NED-ch53"]
[Site "Rotterdam"]
[Date "1998.07.03"]
[Round "11"]
[White "Van der Wiel, John"]
[Black "Ernst, Sipke"]
[Result "1-0"]
[WhiteElo "2525"]
[BlackElo "2300"]
[Annotator "Mikhalevski,V"]
[PlyCount "89"]
[EventDate "1998.06.21"]
[EventType "tourn"]
[EventRounds "11"]
[EventCountry "NED"]
[EventCategory "12"]
[SourceTitle "CBM 066"]
[Source "ChessBase"]
[SourceDate "1998.09.30"]
[SourceVersion "1"]
[SourceVersionDate "1998.09.30"]
[SourceQuality "1"]

1. e4 {Hecht} e5 2. Nf3 Nc6 3. d4 exd4 4. Nxd4 Bb4+ {Favourite move of A.Miles.
} 5. c3 Bc5 (5... Ba5 6. Nxc6 (6. Bc4 Nf6 7. Nxc6 bxc6 8. O-O Nxe4 9. Re1 d5
10. Bxd5 cxd5 11. f3 Bb6+ 12. Be3 Bxe3+ 13. Rxe3 Qg5 14. Qe1 O-O 15. fxe4 dxe4
16. Rxe4 Bb7 17. Qe3 Qg6 {0-1 Naxakis,T-Sorokin,V/EU-chJM U10 1997}) 6... dxc6
7. Qxd8+ Kxd8 8. Bc4 Be6 9. Bxe6 fxe6 10. O-O Nf6 11. Na3 Nxe4 12. Re1 Nd6 13.
Rxe6 Rf8 14. Bg5+ Kd7 15. Re7+ Kd8 16. Re5+ Kd7 17. Rxa5 Rf7 18. Rd1 Raf8 19.
f3 Rf5 20. Rxf5 Rxf5 21. Bh4 Rh5 22. Bg3 Ke7 23. Bxd6+ cxd6 24. Nc2 Ra5 25. a3
Rb5 {1-0 Jennewein,M-Speier,R/RLPF-op 1991}) 6. Be3 (6. Nxc6 bxc6 7. Bd3 (7.
Bc4 Nf6 8. Bg5 $2 Bxf2+ $1 $17 (8... O-O $2 9. O-O {Jindriskova,D-Lach,Z/
Svetla op 1994/1/2-1/2 (43)})) 7... Ne7 (7... Qh4 $6 8. Qe2 Nf6 9. h3 O-O 10.
g3 Qh5 11. g4 Qe5 12. g5 Nxe4 $2 13. Bxe4 Re8 14. Bf3 Qxe2+ 15. Bxe2 Ba6 16. c4
Bxc4 17. Nc3 Rab8 18. Kf1 Be6 19. b3 f6 20. gxf6 Bd4 21. Bb2 Bxf6 22. Na4 Bh4
23. Nc5 Rf8 24. Rh2 Bxh3+ 25. Kg1 Rbe8 26. Nxd7 Bxf2+ 27. Rxf2 Bxd7 28. Bc4+
Be6 29. Rxf8+ Kxf8 30. Rf1+ Ke7 31. Bxe6 {1-0 Kasparov,G-Leko,P/Fontys 1997})
8. Qh5 (8. Nd2 O-O 9. O-O d6 (9... Ng6 10. Nb3 Bb6 11. Nd4 Qf6 12. Qc2 d5 13.
Nf3 Bg4 14. Bg5 Qd6 15. Nd4 Rae8 16. h3 Bd7 17. Rfe1 Ne5 18. exd5 Nxd3 19. Rxe8
Rxe8 20. dxc6 Bxc6 21. Qxd3 Bxg2 22. Kxg2 Qd5+ 23. Kh2 Qxg5 $17 {1-0 Pavasovic,
D-Godena,M/18th Mitropa Cup, Portoroz SLO 1998 (40)}) 10. Kh1 f5 11. f4 fxe4
12. Nxe4 Bb6 13. Ng3 Nf5 14. Qf3 Nxg3+ 15. Qxg3 Bf5 16. Bd2 Qd7 17. Rae1 Rae8
18. h3 Qf7 19. b3 Qh5 20. Kh2 h6 21. c4 Bd4 22. Rxe8 Rxe8 23. Qf3 Qxf3 24. Rxf3
Bxd3 25. Rxd3 Bf2 26. Ba5 Re7 27. Rf3 Bc5 28. Kg3 Kf7 29. Rd3 Bb6 30. Bxb6 axb6
31. Kf2 Re4 32. g3 h5 $11 {Hauchard,A-Miles,A/Open, Cappelle la Grande FRA
1998/1/2-1/2 (46)}) 8... d6 9. Bg5 Rb8 10. b3 O-O 11. Nd2 Qe8 12. b4 Bb6 13.
Nc4 Ng6 14. Nxb6 axb6 15. Be3 f5 16. exf5 Nf4 17. Qxe8 Nxd3+ 18. Kd2 Rxe8 19.
Kxd3 Bxf5+ 20. Kd2 c5 21. a3 Ra8 22. Rhe1 Kf7 23. Kc1 Re6 24. Kb2 Rae8 25. a4
Be4 26. g3 Bf3 27. a5 cxb4 28. axb6 bxc3+ 29. Kxc3 c5 30. Ra7+ Kg6 31. Rb1 Rb8
32. Rd7 Bc6 {1/2-1/2 Sax,G-Miles,A/Geza Maroczy GM, Szeged HUN 1997}) (6. Bc4
d6 7. Be3 Ne5 8. Bb3 Nf6 9. Nd2 Nfg4 $15 {Hoehn,M-Kleinschmidt,F/Hessen qual
1990/1-0 (78)}) 6... Bb6 (6... Nxd4 7. cxd4 Bb4+ 8. Nc3 Nf6 9. Bd3 O-O 10. O-O
d5 11. e5 Ng4 12. Bf4 Bxc3 13. bxc3 f6 14. Qd2 g5 15. Bg3 fxe5 16. dxe5 Be6 17.
f4 gxf4 18. Rxf4 Nh6 19. Bh4 Qe8 20. Bf6 Ng4 21. Rxg4+ {1-0 Van Sluijs,
W-Alders,R/Vlissingen op 1996}) 7. Qa4 {[%cal Gd4c6]} (7. Nd2 Nf6 (7... Nge7 8.
Bd3 Ne5 9. Nc4 d6 10. Nxb6 axb6 11. O-O O-O 12. Be2 f5 13. exf5 Nxf5 14. Nxf5
Rxf5 15. f4 Nc6 16. Bd3 Rf6 17. Qc2 h6 $14 {1/2-1/2 Zahariev,Z-Miles,A/7th
Open 1997}) 8. Nxc6 bxc6 9. Bg5 h6 10. Bh4 O-O (10... d6 11. Qf3 g5 12. Bg3 g4
13. Qd3 Nh5 14. Nc4 Qf6 15. a4 Ba6 16. Qd2 Bxc4 17. Bxc4 a5 18. O-O-O O-O-O 19.
Rhf1 Rde8 20. Rde1 Re7 21. f4 Nxg3 22. hxg3 Rhe8 23. Bd3 Qe6 24. Kb1 Qb3 25.
Rh1 Qxa4 26. Rxh6 f5 27. e5 dxe5 28. Bxf5+ Kb8 29. Bg6 Rf8 30. Bc2 Qb5 31. Rh5
Rfe8 32. Bg6 Rg8 33. Rhxe5 Rxe5 34. Rxe5 Qf1+ 35. Re1 {Wall,G-Kennaugh,C/4NCL,
Birmingham ENG 1998/1-0 (66)}) 11. Bd3 Re8 {1/2-1/2 Borgo,G-Godena,M/Open,
Bozen ITA 1998}) (7. Bc4 Ne5 8. Be2 Nf6 9. f4 Nc6 10. Bf3 d6 11. O-O O-O 12.
Bf2 Ne7 13. c4 Ng6 14. g3 Bh3 15. Re1 Qd7 16. Kh1 Ne5 $1 $15 {0-1 Hadzidakis,
M-Miles,A/7th Open 1997 (28)}) 7... Nge7 $146 (7... Rb8 8. Nd2 Nge7 9. Be2 O-O
10. O-O d6 11. Nxc6 bxc6 12. Bxb6 axb6 13. f4 f5 14. Bd3 fxe4 15. Nxe4 Bf5 16.
Rae1 Qd7 17. Qc2 Rbe8 18. Ng3 Bxd3 19. Qxd3 Nd5 20. f5 Rf7 21. Rxe8+ Qxe8 22.
Ne4 Qe5 23. Ng5 Re7 24. Nxh7 Qe2 25. Qxe2 Rxe2 26. f6 gxf6 27. Nxf6+ Nxf6 28.
Rxf6 Rxb2 29. Rf2 Rb1+ 30. Rf1 Rb5 31. h4 Rc5 32. Rf3 {Garcia,G-Miles,A/Ubeda
op 1997/1/2-1/2 (54)}) 8. Nd2 (8. Nxc6 bxc6 (8... dxc6 9. Bxb6 cxb6 10. Be2 $14
) 9. Bxb6 cxb6 10. Nd2 O-O 11. O-O-O Qc7 $11 {[%cal Gd7d5] /\d5}) 8... O-O 9.
O-O-O (9. Nxc6 {see 8.N:c6}) 9... Nxd4 10. Bxd4 (10. cxd4 $6 d5 $1 {and} 11. e5
$6 {is not good in view of} Nf5) 10... Bxd4 11. Qxd4 d5 $1 (11... Nc6 $5) 12.
Nf3 c6 $1 {[%cal Gd8a5]} 13. exd5 Qxd5 14. Qb4 $6 (14. Bc4 $142 Qxd4 15. Nxd4
$14) 14... Qxa2 $1 15. Bc4 $8 (15. Qxe7 $2 Bf5 16. Bd3 $140 Bxd3 17. Rxd3 Qa1+
$19) 15... c5 $2 (15... Qa1+ $2 16. Kc2 $1 (16. Kd2 c5 $1 {[]} 17. Qb5 Qa6 18.
Qxa6 $44 (18. Qxc5 Qh6+ 19. Kc2 $11)) 16... Bf5+ (16... a5 17. Bxf7+ Kh8 18.
Rxa1 Bf5+ 19. Kb3 {see16...Bf5}) 17. Kb3 a5 (17... c5 18. Qxc5 $18) 18. Bxf7+
$1 Kh8 $8 (18... Kxf7 $2 19. Ne5+ $1 (19. Qc4+ $2 Be6 20. Qxe6+ (20. Ng5+ $2
Ke8 21. Nxe6 a4+ 22. Kc2 Rxf2+ 23. Kd3 Qxb2) 20... Kxe6 21. Rhe1+ Kf7 22. Rxa1
$14) 19... Ke8 (19... Kf6 20. Qd6+) (19... Kg8 20. Qc4+) 20. Rxa1 $18) (18...
Rxf7 $2 19. Rxa1) 19. Rxa1 axb4 20. Rxa8 Rxa8 21. Re1 $1 $16 {[%cal Gb3b4]}) (
15... a5 $142 $1 16. Qxe7 Qa1+ (16... Qxc4 $2 17. Rd8 Qf4+ 18. Nd2 $18) 17. Kc2
(17. Kd2 Qxb2+ 18. Ke1 Qxc3+ $17) 17... Bf5+ 18. Bd3 Bxd3+ 19. Kxd3 Qxb2 $40 {
For instance} 20. Rd2 Rad8+ 21. Nd4 $8 Qb6 $1 {[%cal Gc6c5]} 22. Kc2 c5 $36 {
[%csl Rc2,Rg2][%cal Gb6g6]}) 16. Qxc5 (16. Qb5 $5 a6 (16... Qa1+ $5 17. Kc2
Bf5+ 18. Kb3 Qa6 19. Qxa6 (19. Qxc5 Rac8 $1 20. Bxa6 Rxc5 21. Bd3 $11) 19...
bxa6 $13) (16... Qa6 17. Qxa6 bxa6 18. Rhe1 $14) 17. Qxc5 Qa1+ $8 (17... Qa4 $2
18. Qxe7 Qxc4 $140 (18... Bf5 19. b3 Qa1+ 20. Kd2 Qb2+ 21. Ke3 $1 Qxc3+ (21...
Rae8 $2 22. Bxf7+ $1) 22. Kf4) 19. Rd8) 18. Kc2 Qa4+ (18... Bf5+ $4 19. Kb3 $18
) 19. Bb3 Qf4 $5 (19... Qe4+ 20. Kc1 Qf4+ 21. Rd2 Nc6 $14) (19... Bf5+ 20. Qxf5
Qxb3+ 21. Kxb3 Nxf5 22. Rd5 $14 (22. Rd7 $14)) 20. Qxe7 Bf5+ 21. Rd3 Bxd3+ 22.
Kxd3 Rfe8 $44 {The analyse of this position with black pawn on a7 instead of
a6 you can find below.}) 16... Qa1+ $8 17. Kc2 Qa4+ $8 (17... Bf5+ $4 18. Kb3
$18) 18. Bb3 b6 (18... Qe4+ 19. Kc1 Qf4+ 20. Rd2 Nc6 $14) (18... Qf4 $5 19.
Qxe7 Bf5+ 20. Rd3 Bxd3+ 21. Kxd3 Rfe8 22. Qg5 $1 Rad8+ (22... Qe4+ 23. Kd2 Qe2+
24. Kc1 Qxf2 25. Rd1 $16) 23. Kc2 Re2+ 24. Kb1 Qxg5 25. Nxg5 Rdd2 (25... Rxf2
26. Re1 $1 h6 $140 (26... Kf8 $142 27. Nxh7+ Kg8 28. Ng5 Kf8) 27. Nxf7 Rxf7 28.
Re7 Rd1+ 29. Ka2 Rdf1 30. Rxb7 $18) 26. Bxf7+ Kf8 27. Bc4 Rxb2+ 28. Ka1 Rxf2
29. Re1 {[%cal Gg5h7]} g6 $8 30. h4 $1 (30. Nxh7+ Kg7 31. Re7+ Kh6 32. Nf6 Rxg2
33. h4 g5) 30... Kg7 $1 $44) (18... Bf5+ 19. Qxf5 Qxb3+ 20. Kxb3 Nxf5 21. Rd7 (
21. Rd5 $5)) 19. Qe5 $1 (19. Bxa4 $5 bxc5 20. Rhe1 Ng6 (20... Bf5+ 21. Kc1 Ng6
22. Rd5 Be6 23. Rxc5 Nf4 $14) 21. Rd5 $14) 19... Bf5+ $8 20. Qxf5 Qxb3+ 21.
Kxb3 Nxf5 22. Rd7 $16 Rfe8 23. Rhd1 Kf8 $5 24. Ng5 $6 (24. Rb7 $142 $1 Re7 25.
Rdd7 Rxd7 26. Rxd7 Ke8 27. Rc7 Nd6 {[%cal Ge8d8]} 28. Ne5 $16) 24... f6 $8 25.
Rf7+ (25. Nxh7+ $2 Kg8) (25. R1d5 Nh4 26. Nxh7+ Kg8 27. Ng5 $3 Nxg2 $1 $14 (
27... fxg5 28. Rxg5 {[%csl Rg8,Rh4]})) 25... Kg8 26. Rdd7 {[%cal Gg2g4]} fxg5
$2 (26... a5 $1 27. g4 Rad8 $1 (27... Ne7 28. Rfxe7 Rxe7 29. Rxe7 fxg5 30. Ka4
Rf8 31. Re2 $14 {[%cal Ga4b5]}) 28. Rb7 $1 (28. gxf5 Rxd7 29. Rxd7 fxg5) 28...
Ne7 (28... fxg5 $2 29. gxf5) (28... Rb8 29. gxf5 Rxb7 30. Rxb7 fxg5 31. Rxb6
$14) 29. Rbxe7 Rxe7 30. Rxe7 fxg5 $14) 27. Rxf5 {[#] Hecht: Die Kraft der
Türme auf der 7. Reihe.} Rf8 (27... Red8 28. Rb7 Rdb8 29. Rxb8+ Rxb8 30. Rxg5
$16) 28. Rxg5 g6 (28... Rf7 $16) 29. Re5 (29. f3 $5 {[%cal Gg5e5]}) 29... Rxf2
30. Ree7 Rxg2 (30... h5 31. Rg7+ Kf8 32. Rxg6 $18 (32. Rh7 $5 $18)) 31. Rg7+
Kh8 32. Rxh7+ Kg8 33. h4 $18 {Now Black lose "g" pawn and game is over.} Rg4
34. Rdg7+ Kf8 35. Rb7 Kg8 36. Rbg7+ Kf8 37. h5 $1 {[%cal Gh5h6] /\h6} Rh4 $8 (
37... gxh5 {Hecht} 38. Rxg4 hxg4 39. Rh8+ $18) 38. Rxg6 {[%cal Gh7h8]} (38. h6
$4 Rxh6) 38... Re8 39. h6 {[%cal Gh7h8]} Re5 40. Rc6 (40. Rgg7 {Hecht} Rb5+ 41.
Kc2 Rh2+ 42. Kd3 Rxh6) 40... Rb5+ 41. Kc2 Rh2+ 42. Kd3 Rc5 (42... Rd5+ 43. Kc4
$18) 43. Rxc5 {The simpliest.} bxc5 44. Rxa7 (44. Kc4 $5) 44... Rxh6 45. Kc4 (
45. Kc4 Rh2 46. b3 Rh5 47. Rc7 $18) 1-0

[Event "Penta Media GM"]
[Site "Kelamabakkam"]
[Date "2000.08.22"]
[Round "8"]
[White "Ganguly, Surya Shekhar"]
[Black "Iuldachev, Saidali"]
[Result "1/2-1/2"]
[WhiteElo "2498"]
[BlackElo "2515"]
[Annotator "Mikhalevski,V"]
[PlyCount "77"]
[EventDate "2000.08.14"]
[EventType "tourn"]
[EventRounds "12"]
[EventCountry "IND"]
[EventCategory "11"]
[SourceTitle "CBM 079"]
[Source "ChessBase"]
[SourceDate "2000.11.21"]
[SourceVersion "1"]
[SourceVersionDate "2000.11.21"]
[SourceQuality "1"]

1. e4 e5 2. Nf3 Nc6 3. d4 exd4 4. Nxd4 Nf6 5. Nxc6 bxc6 6. e5 Qe7 7. Qe2 Nd5 8.
c4 Ba6 9. b3 f6 $5 {Rarely used,but quite an interesting attempt of equalizing.
Black is striving to reach a slightly worse endgame with good chances to
equalize later on.} ({Other continuations are more popular:} 9... O-O-O) (9...
g6) (9... Qh4) (9... Nb6) (9... g5) 10. Bb2 ({A nice game was won by Yuldashev
after} 10. exf6 Nxf6 11. Nc3 O-O-O 12. Qxe7 (12. Bb2 $5) 12... Bxe7 13. Bb2 Bc5
{[%csl Re1,Rf2]} 14. Be2 (14. Bd3 $142) 14... d5 15. O-O Rhe8 16. Bf3 (16. Bd3
$142) 16... dxc4 $1 17. Bxc6 Re6 18. Bb5 Bxb5 19. Nxb5 Ng4 $1 20. bxc4 (20. Ba3
$142) 20... a6 21. Nc3 Rd2 $19 22. Na4 Bxf2+ 23. Kh1 Be3 24. Rf8+ Kb7 25. Rb1
Kc6 26. h3 Rg6 {[%csl Rg2,Rh1]} 27. Re1 Nf2+ 28. Kh2 Nd3 {[%csl Re1,Rg2,Rh2]
0-1 Van den Dikkenberg,E-Yuldashev,S/Gent 1999/EXT 2000 (28)}) 10... fxe5 ({
The only game in 9...f6-line played on the high level continued} 10... Nf4 {
and after sharp tactical battle Black got an extra pawn:} 11. exf6 $5 (11. Qe4
fxe5 12. Qxe5 O-O-O $13) (11. Qe3 $5 {Mikhalevski,V}) 11... Nd3+ 12. Kd2 Qxe2+
13. Bxe2 Nxb2 14. Re1 {[%csl Re8][%cal Ge2h5] /\#} Bb4+ 15. Nc3 O-O 16. a3
Bxc3+ 17. Kxc3 {[%csl Rb2]} Rxf6 {[%csl Rf2]} 18. f3 (18. Bf3 Rb8) 18... Re8 $1
{[%cal Gf6e6]} 19. Bf1 Rxe1 20. Rxe1 Nxc4 21. bxc4 Kf7 $15 {1/2-1/2 Ljubojevic,
L-Ivkov,B/Bugojno 1978/MCL/[Bulletin] (26)}) 11. Qh5+ {[%csl Rd5,Re8]} g6 12.
Qxe5 $14 {[%csl Rd5,Rh8] '+-' Bulletin.} Nf6 $8 ({Of course not} 12... Qxe5+ $4
13. Bxe5 {[%csl Rd5,Rh8]}) 13. Nd2 (13. c5 $2 {is bad in a view of} Bxf1 14.
Kxf1 Qxe5 $1 15. Bxe5 Bxc5 $1 16. Bxf6 O-O {[%csl Rf2,Rf6]} 17. Bc3 (17. Bh4
Bd4 {[%csl Ra1]} 18. Nc3 Bxc3 $17) 17... Rxf2+ 18. Ke1 Re8+ 19. Kd1 Rxg2 $17)
13... Bh6 $6 $146 {[%mdl 8192] I think Black simply missed 14.Ne4.Otherwise
that's very dubious provocation.} (13... Qxe5+ 14. Bxe5 Bg7 15. O-O-O (15. c5
Bxf1 16. Kxf1 O-O {[%cal Gf6g4]}) 15... O-O (15... d6 $5) 16. f3 d6 17. Bb2
Rae8 18. Bd3 Re3 19. Ne4 Nxe4 20. Bxg7 Nf2 21. Bxf8 Kxf8 22. Rhf1 Nxd1 23. Rxd1
c5 $14 {/= 1/2-1/2 Vinje Gulbrandsen,A-Odendahl,S/Gausdal 1982/MCD (28)}) (
13... Bg7 14. Qxe7+ Kxe7 15. O-O-O Rhe8 {1/2-1/2 Peters,A-Heidrich,M/Germany
1995/GER-chT2 (38)} 16. Be2 $5 $14) 14. Ne4 Bg7 $8 15. O-O-O $6 {Looks logical,
but makes check from h6 possible which allows Black to solve the problem of
the pin.} (15. Be2 $5 {[%cal Ge4f6] Deserved serious attention.Creating a
threat of N:f6 White forces transfering to a better endgame with an adge of
bishops pair or with weak queen side pawns.} Nxe4 (15... Qxe5 16. Bxe5 O-O 17.
Bxf6 $1 Bxf6 18. O-O-O {[%csl Rd7]} d5 19. Nxf6+ Rxf6 20. Bf3 $1 dxc4 21. Rhe1
$1 $14 {[%csl Ra7,Rc6,Rc7,Rg8][%cal Ge1e7]}) 16. Qxe7+ (16. Qxg7 Qb4+ (16...
Qxg7 17. Bxg7 Rg8 18. Bb2 $16 {[%csl Rb2,Re2]}) 17. Kf1 Rf8 18. Qe5+ Qe7 19.
Qxe7+ Kxe7 20. f3 Rae8 $14) 16... Kxe7 17. Bxg7 Rhe8 18. Rd1 $14) 15... Bh6+ {
This bishop doesn't feel tiredness.} (15... Qxe5 $5 {was more precise as it
excludes possibility of 17.N:f6+ which occuried in the game.} 16. Bxe5 Bh6+ (
16... Nxe4 $6 17. Bxg7 Rg8 $8 (17... Nxf2 $2 18. Bxh8 Nxh1 19. c5 $1 {[%csl
Ra6,Rh1]} Bxf1 20. Rxf1 {[%csl Gf2,Rh1]} O-O-O 21. Bb2 $18) 18. Bd4 $16 {
[%csl Gd4,Gf1][%cal Gf2f3]}) 17. Kc2 (17. Nd2 O-O {[%cal Gf6g4]} 18. f3 d6 19.
Bb2 $14 {[%cal Gc1c2] /=}) 17... Nxe4 18. Bxh8 Nxf2 19. Re1+ Kf7 20. Rg1 Rxh8
21. c5 $1 {[%mdl 64] see 15...Bh6 16.Kc2 Q:e5 17.B:e5}) 16. Kc2 Qxe5 17. Nxf6+
(17. Bxe5 {was interesting having in mind 21.c5!} Nxe4 18. Bxh8 Nxf2 (18...
O-O-O $2 {[%csl Rf2,Rh8]} 19. Bd4 c5 20. Bd3 $18) 19. Re1+ Kf7 20. Rg1 Rxh8 21.
c5 $1 {[%csl Rf2,Rf7][%mdl 64] The point of previous play.} Bc8 $1 {[%mdl 64]}
(21... Bf8 22. Bxa6 Bxc5 23. Rgf1 $14) 22. Bc4+ {[%cal Gg1f1]} d5 $1 (22... Kf6
$2 23. Rgf1 {[%csl Rf2,Rf6]}) (22... Kg7 23. Re7+ Kf6 24. Rf7+ Ke5 25. Re1+ Kd4
26. Rxf2 Kxc5 27. Rf7 $14) 23. cxd6+ Kf6 24. Rgf1 $1 (24. dxc7 Bf5+ 25. Kc3
Ne4+ $13) 24... Bf5+ {That's why 22...d5!} 25. Kc3 Ng4 (25... cxd6 26. Rxf2 $16
{[%cal Gg2g4]}) 26. dxc7 {[%csl Gc7]} (26. h3 $2 Ne3 {[%csl Rf1]}) 26... Ne3 (
26... Rc8 27. Re6+ Kg5 28. Re7 {[%cal Gc4a6]}) 27. Rf3 Rc8 28. Rexe3 Bxe3 29.
Rxe3 Rxc7 30. Kd4 $14 {[%csl Ra7,Rc6][%cal Gd4c5]}) 17... Qxf6 18. Bxf6 O-O 19.
Bh4 {[%csl Rd7]} Rae8 $2 {I can't understand why Black was ignoring the threat
of R:d7.} (19... d6 $142) (19... Rf7 $142) 20. Bd3 $2 {And it's not less
surprising why White doesn't take the pawn.} (20. Rxd7 $16 {and White should
've been afraid of} Re1 {because of simple} 21. f3 {[%cal Rh4e1]} (21. Rxc7 {
is also possible})) 20... c5 {[%cal Ga6b7] Opening a big diagonal for the
white-squared bishop.} 21. f3 Bb7 22. Rhe1 d6 23. Rxe8 Rxe8 24. Re1 Kf7 25.
Rxe8 Kxe8 $14 {White is slightly better thanks to the better pawn structure,
but this adge can hardly be converted into a full point.} 26. Kd1 Bf4 $1 27. h3
c6 28. Bf2 Bg5 29. Ke2 Kf7 30. g3 Bh6 31. f4 Bc8 32. Kf3 Bf5 33. Bxf5 gxf5 {
Now it's impossible to break through.Black can simply wait and draw is
enevitable.} 34. g4 Ke6 35. Be3 Bf8 36. Bd2 Kf6 37. Bc3+ Kg6 38. Bb2 a6 39. Bc3
(39. h4 $2 {[%cal Gh4h5] would be bad because of} fxg4+ 40. Kxg4 h5+ 41. Kf3
Kf5 $15 {[%csl Rf4,Rh4] /-/+}) 1/2-1/2